Komplexná rehabilitácia žiakov s hyperkinetickou poruchou v základnej škole

Bibliographic Details
Main Author: Žolnová, Jarmila, 1964- (Author)
Format: Article
Language:Slovak
PhysicalDescription:Grafy, fotografie, tabuľky
ISBN:9788055506647
Subjects:
Online Access://www.unipo.sk/public/media/20164/komplexnost-a-integrita.pdf

MARC

LEADER 00000nab a2200000 4500
001 vtls012058382
003 SK-MaSNL
005 20260304100753.0
008 210610|2012 xo |||| ||an ||00 0|slo
015 |a SNBRB2021/06 
040 |a SPKCL  |b slo  |e rda 
041 |a slo  |b slo  |b eng 
044 |a xo  |c SK 
072 7 |a 616.89  |x Psychiatria  |2 konspekt 
080 |a 616.89-008.47-008.481:373.3  |2 2011 
100 1 |a Žolnová, Jarmila,  |d 1964-  |4 aut  |9 70473 
245 1 0 |a Komplexná rehabilitácia žiakov s hyperkinetickou poruchou v základnej škole  |c Jarmila Žolnová 
300 |b Grafy, fotografie, tabuľky 
336 |a text  |b txt  |2 rdacontent 
337 |a bez média  |b n  |2 rdamedia 
338 |a zväzok  |b nc  |2 rdacarrier 
504 |a Obsahuje bibliografiu 
546 |a Anglické a slovenské resumé 
650 0 7 |a hyperkinetická porucha  |2 spk  |9 1395103 
650 0 7 |a základné školy  |2 SNKPH  |9 1280 
650 0 7 |a liečebná rehabilitácia  |2 SNKPH  |9 3306 
655 7 |a BZB  |2 SNKPH  |9 1080216 
773 0 |t Komplexnosť a integrita v predprimárnej, primárnej a špeciálnej edukácii : zborník príspevkov z vedeckej konferencie s medzinárodnou účasťou organizovanej Pedagogickou fakultou PU pri príležitosti 15. výročia založenia Prešovskej univerzity v Prešove  |d Prešov : Prešovská univerzita, 2012  |g S. 606-611  |h online  |z 9788055506647 
856 4 1 |u //www.unipo.sk/public/media/20164/komplexnost-a-integrita.pdf 
958 |a NB 
999 |c 2839751  |d 2841681